| 000 | 01679nam a2200361 i 4500 | ||
|---|---|---|---|
| 003 | EG-ScBUE | ||
| 005 | 20240103094013.0 | ||
| 008 | 170517s2006 le f b 000 0dara d | ||
| 040 |
_aEG-ScBUE _bara _erda _cEG-ScBUE _dEG-ScBUE |
||
| 041 | 1 |
_aara _heng |
|
| 043 |
_ama----- _aa-gz--- _aa-is--- _an-us--- |
||
| 082 | 0 | 4 |
_a956.053 _bس ع ي _222 |
| 100 | 1 |
_aسعيد، إدوارد، _d1935-2003، _eمؤلف. |
|
| 240 | 1 | 0 |
_aCulture and resistance. _lArabic. |
| 245 | 1 | 2 |
_aالثقافة والمقاومة / _cإدوارد سعيد، حاوره ديفيد بارساميان ؛ ترجمة علاء الدين أبو زينة ؛ مراجعة محمد شاهين. |
| 250 | _aالطبعة الأولى. | ||
| 264 | 1 |
_aبيروت : _bدار الآداب للنشر والتوزيع، _c2006. |
|
| 300 |
_a185 صفحة ؛ _c24 سم |
||
| 336 |
_2rdacontent _aنص _btxt |
||
| 337 |
_aبدون وسيط _2rdamedia _bn |
||
| 338 |
_aمجلد _bnc _2rdacarrier |
||
| 504 | _aيشتمل على إرجاعات ببليوجرافية. | ||
| 546 | _aالنص باللغة العربية ؛ مترجم من اللغة الإنجليزية. | ||
| 600 | 1 | 7 |
_aسعيد، إدوارد، _d1935-2003 _vمقابلات. _2BUEsh |
| 650 | 7 |
_2BUEsh _aالمقاومة الفلسطينية _xتاريخ _yالاحتلال الإسرائيلي، 1948- |
|
| 651 | 7 |
_2BUEsh _aفلسطين _xتاريخ _yالاحتلال الإسرائيلي، 1948- |
|
| 653 |
_bGGEN _cMay2017 |
||
| 655 | _vReading book | ||
| 700 | 1 |
_aبارساميان، ديفيد، _eمحاور. |
|
| 700 | 1 |
_aأبو زينة، علاء الدين، _eمترجم. |
|
| 700 | 1 |
_aشاهين، محمد، _eمراجع. |
|
| 942 | _2ddc | ||
| 999 |
_c24844 _d24816 |
||